家禽实体解剖学图谱 (Бичлэгийн дугаар. 1155160)

MARC дэлгэрэнгүй
000 -Удирдлага
Ном зүйн бүртгэл тоо буюу кодлох утгыг агуулсан 02536nam a2200301 4500
003 - ХЯНАЛТЫН ТОО ТОДОРХОЙЛОГЧ
Код MN-UlNLM
005 - ХАМГИЙН СҮҮЛИЙН ҮЕИЙН ХЭЛЦЛИЙН ОГНОО БА ЦАГ
Тухайн бичилтийг бичсэн засварласан сүүлийн огноо. 20250121144131.0
008 - ЕРӨНХИЙ МЭДЭЭЛЭЛ-ЭЛЕМЕНТҮҮДИЙН ӨГӨГДЛИЙН УРТ
fixed length control field 250121s2014 cc ||||| |||| 00| 0 chi d
020 ## - ОЛОН УЛСЫН СТАНДАРТ НОМЫН ДУГААР-ISBN
Олон Улсын Стандарт Номын Дугаар 9787109190962
040 ## - ЭХ СУРВАЛЖИЙГ ТОДОРХОЙЛОН БИЧИХ
Анхны каталогийн байгууллага UB01000001
Каталогийн хэл Монгол
Бичлэг хийж нэвтрүүлэх байгууллага MN-UlNLM
Өөрчлүүлэх байгууллага MN-UlNLM
Бичиглэлийн тодорхойлолт RDA
041 0# - ХЭЛНИЙ КОД
Текстийн хэлний код/фонограм буюу салангид гарчиг Хятад
-- Монгол бичиг
043 ## - GEOGRAPHIC AREA CODE
Geographic area code a-cc---
084 ## - БУСАД АНГИЛЛЫН ДУГААР
Ангиллын нэр Номын сан номзүйн ангилал
100 1# - ЗОХИОГЧИЙН ХЭСЭГ
Зохиогчийн нэр 熊本海
Хүүрнэгчийн нөхцөлүүд зохиогч
245 1# - ҮНДСЭН ГАРЧИГ
Гарчиг 家禽实体解剖学图谱
246 1# - ЗЭРЭГЦЭЭ ГАРЧИГ
Зэрэгцээ гарчиг ᢉᠡᠷ ᠦ᠋ᠨ ᠵᠢᢉᠦᠷᠲᠡᠨ ᠦ᠋ ᠠᠨᠠᠲ᠋ᠤᠮᠢ ᠶ᠋ᠢᠨ ᠪᠣᠳᠠᠲᠤ ᠵᠢᠷᠤᠭ
Display text хатас дээр монгол бичгээр бичсэн
264 1# - ГАРАЛТЫН МЭДЭЭ
Бүтээгч, хэвлэгч, түгээгч, үйлдвэрлэгчийн нэр 中国农业出版社
Хэвлэгдсэн он 2014
300 ## - ТООНЫ МЭДЭЭ
Хуудасны тоо 368 хуудастай
Бусад тоон мэдээлэл анатомийн гэрэл зурагтай
Хэмжээ 27 см
504 ## - НОМЗҮЙН ТУХАЙ МЭДЭЭ
Номзүйн тухай мэдээ Индекстэй (Хуудас 343-367), Ном зүйтэй (Хуудас 368)
505 ## - FORMATTED CONTENTS NOTE
Title 课题组组长 --
-- 课题组副组长 --
-- 课题组成员
520 ## - ХУРААНГУЙ МЭДЭЭ, ТОВЧ АГУУЛГА
Эмхэтгэл, г.м "Шувууны хатуу анатомийн атлас" нь тахиа, нугас, галуу гэсэн гурван төрлийн шувууны махыг багтаасан бөгөөд төрөл зүйл тус бүр нь биеийн гадаргуу болон арьсны систем, хоол боловсруулах систем, амьсгалын систем, зүрх судасны тогтолцоог агуулдаг. систем, Шээсний систем, мэдрэлийн систем, эмэгтэйн нөхөн үржихүйн систем, эрэгтэй нөхөн үржихүйн систем, дотоод шүүрлийн болон дархлааны систем, хөдөлгөөний систем зэрэг арван хэсэгтэй, нийт 336 бүлэг, 428 зурагтай. Бүх зургуудыг хятад хэл болон, монгол бичгээр тайлбарлан, бүх эрхтний нэрсийн англи тайлбарыг хавсаргаж, дотоодын уншигчдын хүрээг тэлэх, олон улстай соёлын солилцоо хийх зорилгоор шувууны анатомийн нэр томьёоны тайлбар толь бичигтэй.
650 #4 - Сэдэв
Сэдэв Шувууны физик анатомийн атлас
650 #4 - Сэдэв
Сэдэв хятадын хөдөө аж ахуй
650 #4 - Сэдэв
Сэдэв тахиа нугас галуу
880 1# - ALTERNATE GRAPHIC REPRESENTATION
Linkage 245-01(N
a Jiāqín shítǐ jiěpōu xué túpǔ
880 1# - ALTERNATE GRAPHIC REPRESENTATION
Linkage 264-02(N
b Zhōngguó nóngyè chūbǎn shè
c 2014
942 ## - ЭЛЕМЕНТИЙН ТӨРӨЛ
Анги Номын сан номзүйн ангилал
Төрөл Ном
Захиалгууд
Буцаан татагдсан төлөв Хасагдсан шалтгаан Гэмтсэн төлөв Захиалах боломжгүй Үндсэн номын сан Одоогийн байршил Бүртгэсэн огноо Бүрдүүлэлтийн эх үүсвэр Үнэ Хамгийн сүүлд байсан огноо Нийт уншлаганд гарсан тоо Ангиллын нэр Төрөл
      Албан хэрэгцээнд Ном бүрдүүлэх, боловсруулах, солилцох хэсэг Ном бүрдүүлэх, боловсруулах, солилцох хэсэг 2025-01-21 Солилцоо 10000.00 2025-01-21   Номын сан номзүйн ангилал Ном